Islam and the Plight of Modern Man (Record no. 8471)
[ view plain ]
| 000 -LEADER | |
|---|---|
| fixed length control field | 00366 a2200133 4500 |
| 082 ## - DEWEY DECIMAL CLASSIFICATION NUMBER | |
| Classification number | 297.0904 |
| 090 ## - LOCALLY ASSIGNED LC-TYPE CALL NUMBER (OCLC); LOCAL CALL NUMBER (RLIN) | |
| -- | 4582 |
| -- | 4582 |
| 100 ## - MAIN ENTRY--PERSONAL NAME | |
| Personal name | S. Hossein Nasr |
| 245 ## - TITLE STATEMENT | |
| Title | Islam and the Plight of Modern Man |
| Statement of responsibility, etc. | S. Hossein Nasr |
| 260 ## - PUBLICATION, DISTRIBUTION, ETC. | |
| Place of publication, distribution, etc. | Islamabad: |
| Name of publisher, distributor, etc. | Suhail Academy, |
| Date of publication, distribution, etc. | 1994. |
| 300 ## - PHYSICAL DESCRIPTION | |
| Extent | xii, 161 p. ; |
| Dimensions | 24 cm. |
| 650 ## - SUBJECT ADDED ENTRY--TOPICAL TERM | |
| Topical term or geographic name entry element | Islam--20th century. |
| 942 ## - ADDED ENTRY ELEMENTS (KOHA) | |
| Koha item type | Book |
| Call number prefix | 297.0904 HOS |
| Withdrawn status | Lost status | Damaged status | Not for loan | Collection code | Permanent Location | Current Location | Shelving location | Date acquired | Source of acquisition | Total Checkouts | Total Renewals | Full call number | Barcode | Date last seen | Date last checked out | Price effective from | Koha item type |
|---|---|---|---|---|---|---|---|---|---|---|---|---|---|---|---|---|---|
| Central Library (CL) | Central Library (CL) | General Stacks | 12/15/2001 | Donation | 2 | 1 | 297.0904 HOS | SEECS001580 | 03/22/2019 | 02/01/2019 | 01/05/2017 | Book |
